[Event "LTU-chT"]
[Site "Lithuania"]
[Date "2019.03.30"]
[Round "4.2"]
[White "Lazaravicius, Aras Jonas"]
[Black "Kalinauskas, Rolandas"]
[Result "1-0"]
[WhiteElo "1874"]
[BlackElo "1952"]
[PlyCount "103"]
[EventDate "2019.01.26"]
[EventType "team-swiss"]
[EventRounds "7"]
[EventCountry "LTU"]
[SourceTitle "CBM 189 Extra"]
[Source "ChessBase"]
[SourceDate "2019.06.03"]
[SourceVersion "1"]
[SourceVersionDate "2019.06.03"]
[SourceQuality "1"]
[WhiteTeam "Kaunas Margiris II"]
[BlackTeam "Marijampole Suduva"]
[WhiteTeamCountry "LTU"]
[BlackTeamCountry "LTU"]

1. d4 Nf6 2. c4 e6 3. Nf3 d5 4. Bg5 Be7 5. Nc3 0-0 6. e3 h6 7. Bh4 Ne4 8. Bxe7 Qxe7 9. Qc2 Nxc3 10. Qxc3 b6 11. cxd5 exd5 12. Rc1 c6 13. Bd3 Bb7 14. 0-0 Nd7 15. b4 a5 16. b5 c5 17. a4 Rac8 18. Qa3 Rfe8 19. Bf5 c4 20. Qxe7 Rxe7 21. Ne5 Nxe5 22. Bxc8 Bxc8 23. dxe5 Rxe5 24. Rfd1 Bf5 25. f4 Rxe3 26. Rxd5 Bd3 27. Re5 Rxe5 28. fxe5 Kf8 29. Kf2 Ke7 30. Ke3 Ke6 31. Kd4 h5 32. Ra1 h4 33. Ra2 Bb1 34. Rb2 Bd3 35. Rf2 Bf5 36. Kxc4 Kxe5 37. Rxf5+ Kxf5 38. Kd5 h3 39. g3 Kg4 40. Kc6 Kf3 41. Kxb6 Kg2 42. Kxa5 Kxh2 43. b6 Kxg3 44. b7 f5 45. b8Q+ f4 46. Qb1 Kg2 47. Qc2+ Kg3 48. Qg6+ Kf2 49. Qxg7 f3 50. Qh6 Kg2 51. Qg5+ Kf2 52. Qh4+ 1-0

[Event "LTU-chT"]
[Site "Lithuania"]
[Date "2018.04.15"]
[Round "7.2"]
[White "Lazaravicius, Aras Jonas"]
[Black "Zygmanta, Eugenijus"]
[Result "1/2-1/2"]
[WhiteElo "1891"]
[BlackElo "1935"]
[PlyCount "44"]
[EventDate "2018.01.27"]
[EventType "team-swiss"]
[EventRounds "7"]
[EventCountry "LTU"]
[SourceTitle "EXT 2019"]
[Source "ChessBase"]
[SourceDate "2018.10.10"]
[SourceVersion "1"]
[SourceVersionDate "2018.10.10"]
[SourceQuality "1"]
[WhiteTeam "Kaunas Margiris II"]
[BlackTeam "Marijampole Suduva"]
[WhiteTeamCountry "LTU"]
[BlackTeamCountry "LTU"]

1. d4 Nf6 2. c4 d6 3. Nf3 g6 4. g3 Bg7 5. Bg2 0-0 6. 0-0 Nbd7 7. Nc3 e5 8. e4 c6 9. h3 a5 10. Be3 a4 11. a3 exd4 12. Nxd4 Nc5 13. Qc2 Re8 14. Nde2 Qe7 15. Bxc5 dxc5 16. Rfe1 Be6 17. Nxa4 Nd7 18. Rad1 f6 19. Nf4 Bf7 20. Rxd7 Qxd7 21. Nb6 Qe7 22. Nxa8 Rxa8 1/2-1/2

[Event "LTU-chT"]
[Site "Lithuania"]
[Date "2018.01.27"]
[Round "1.2"]
[White "Bucinskas, Valdas"]
[Black "Lazaravicius, Aras Jonas"]
[Result "1-0"]
[WhiteElo "2328"]
[BlackElo "1891"]
[PlyCount "59"]
[EventDate "2018.01.27"]
[EventType "team-swiss"]
[EventRounds "7"]
[EventCountry "LTU"]
[SourceTitle "EXT 2019"]
[Source "ChessBase"]
[SourceDate "2018.10.10"]
[SourceVersion "1"]
[SourceVersionDate "2018.10.10"]
[SourceQuality "1"]
[WhiteTeam "Vilnius Chess United"]
[BlackTeam "Kaunas Margiris II"]
[WhiteTeamCountry "LTU"]
[BlackTeamCountry "LTU"]

1. e4 d5 2. exd5 Qxd5 3. Nc3 Qa5 4. d4 Nf6 5. Nf3 Bf5 6. Bd2 c6 7. Bc4 e6 8. 0-0 Qc7 9. Re1 Be7 10. h3 0-0 11. Nh4 Bg6 12. Nxg6 hxg6 13. Ne2 Rd8 14. b4 Nd5 15. c3 Nd7 16. a3 N5b6 17. Bb3 Bf6 18. Nf4 Rac8 19. Qg4 Nd5 20. Rad1 N7b6 21. Nd3 Nd7 22. h4 e5 23. c4 N5b6 24. dxe5 Nxe5 25. Nxe5 Bxe5 26. Bg5 Bf6 27. Bf4 Rxd1 28. Rxd1 Be5 29. Bxe5 Qxe5 30. c5 1-0

[Event "Panevezys op-A"]
[Site "Panevezys"]
[Date "2017.07.04"]
[Round "3"]
[White "Lazaravicius, Aras Jonas"]
[Black "Sibajeva, Marija"]
[Result "1/2-1/2"]
[WhiteElo "1863"]
[BlackElo "1861"]
[PlyCount "58"]
[EventDate "2017.07.03"]
[EventType "swiss"]
[EventRounds "9"]
[EventCountry "LTU"]
[SourceTitle "CBM 179 Extra"]
[Source "ChessBase"]
[SourceDate "2017.08.23"]
[SourceVersion "1"]
[SourceVersionDate "2017.08.23"]
[SourceQuality "1"]

1. d4 d5 2. c4 dxc4 3. e4 Nc6 4. d5 Ne5 5. Bf4 Ng6 6. Bg3 e5 7. Bxc4 Nf6 8. Nc3 Bd6 9. Bb5+ Bd7 10. Bxd7+ Qxd7 11. Nf3 0-0 12. 0-0 h6 13. Rc1 Qe7 14. Nh4 Nxh4 15. Bxh4 g5 16. Bg3 Nd7 17. Qg4 f5 18. exf5 Qf7 19. Rfd1 a6 20. Ne4 Nf6 21. Nxf6+ Qxf6 22. Re1 Qxf5 23. Qxf5 Rxf5 24. Re4 Re8 25. Rce1 Re7 26. h3 Rf8 27. h4 Rfe8 28. hxg5 hxg5 29. Rg4 Rg7 1/2-1/2

[Event "LTU-ch U16"]
[Site "Kaunas"]
[Date "2017.04.05"]
[Round "1"]
[White "Lazaravicius, Aras Jonas"]
[Black "Dadurka, Povilas"]
[Result "1-0"]
[WhiteElo "1883"]
[BlackElo "1542"]
[PlyCount "93"]
[EventDate "2017.04.05"]
[EventType "swiss"]
[EventRounds "7"]
[EventCountry "LTU"]
[SourceTitle "CBM 177 Extra"]
[Source "ChessBase"]
[SourceDate "2017.04.27"]
[SourceVersion "1"]
[SourceVersionDate "2017.04.27"]
[SourceQuality "1"]

1. d4 g6 2. c4 Bg7 3. Nf3 d6 4. g3 Nd7 5. Bg2 e5 6. 0-0 Ne7 7. Nc3 0-0 8. e4 exd4 9. Nxd4 Ne5 10. Qe2 Be6 11. Nxe6 fxe6 12. Rd1 N7c6 13. Be3 Qe7 14. Rac1 a6 15. Na4 Nd7 16. c5 Nce5 17. cxd6 cxd6 18. f4 Nf7 19. e5 d5 20. Nc5 Rfc8 21. Nxd7 Qxd7 22. Qg4 Rxc1 23. Rxc1 Rc8 24. Rxc8+ Qxc8 25. Bxd5 Nd8 26. Bb3 Qc6 27. Qd1 Nf7 28. Qd4 b5 29. Qc3 Qd7 30. Qd2 Qc6 31. Qg2 Qc8 32. Qh3 Nd8 33. Qg4 Qc6 34. Kf2 a5 35. Qd1 Nb7 36. Qf3 Qxf3+ 37. Kxf3 Kf7 38. a3 Bf8 39. Bd1 b4 40. axb4 Bxb4 41. Ke4 Ke7 42. Kd3 Kd7 43. Kc4 Kc6 44. Bf3+ Kc7 45. Kb5 Be1 46. Bb6+ Kb8 47. Bg4 1-0

[Event "LTU-chT"]
[Site "Lithuania"]
[Date "2017.01.29"]
[Round "2.10"]
[White "Beliajev, Leonid"]
[Black "Lazaravicius, Aras Jonas"]
[Result "1/2-1/2"]
[WhiteElo "1768"]
[BlackElo "1883"]
[PlyCount "87"]
[EventDate "2017.01.28"]
[EventType "team-swiss"]
[EventRounds "7"]
[EventCountry "LTU"]
[SourceTitle "CBM 176 Extra"]
[Source "ChessBase"]
[SourceDate "2017.03.02"]
[SourceVersion "1"]
[SourceVersionDate "2017.03.02"]
[SourceQuality "1"]
[WhiteTeam "Klaipeda II"]
[BlackTeam "Kaunas Margiris II"]
[WhiteTeamCountry "LTU"]
[BlackTeamCountry "LTU"]

1. e4 c5 2. d3 e6 3. Nd2 Nc6 4. Ngf3 d5 5. g3 Nf6 6. Bg2 Be7 7. 0-0 0-0 8. e5 Nd7 9. Re1 Qc7 10. Qe2 b6 11. Nf1 Bb7 12. Bf4 Rac8 13. Ne3 Nd4 14. Nxd4 cxd4 15. Nf5 exf5 16. e6 Bd6 17. exd7 Qxd7 18. Bxd6 Qxd6 19. Qd2 g6 20. Re2 Rfe8 21. Rae1 Re6 22. Rxe6 fxe6 23. f4 Kf7 24. Re2 Rc6 25. Kf1 a5 26. Ke1 Ba6 27. Kd1 Bb5 28. Qe1 Ba4 29. Kc1 Qc5 30. b3 Bb5 31. Kb2 a4 32. b4 Qc3+ 33. Qxc3 Rxc3 34. a3 h6 35. Re5 Rc8 36. h4 Kf6 37. Bxd5 exd5 38. Rxd5 Bc6 39. Rxd4 Ke6 40. c4 Bf3 41. Kc3 Ke7 42. b5 Rc5 43. Kb4 Bd1 44. Kc3 1/2-1/2

[Event "WchT Amateur"]
[Site "Kaunas"]
[Date "2016.11.22"]
[Round "3.1"]
[White "Pluta, Paulius"]
[Black "Lazaravicius, Aras Jonas"]
[Result "1-0"]
[WhiteElo "1649"]
[BlackElo "1911"]
[PlyCount "63"]
[EventDate "2016.11.20"]
[EventType "team-swiss"]
[EventRounds "9"]
[EventCountry "LTU"]
[SourceTitle "CBM 175 Extra"]
[Source "ChessBase"]
[SourceDate "2016.12.12"]
[SourceVersion "1"]
[SourceVersionDate "2016.12.12"]
[SourceQuality "1"]
[WhiteTeam "Lithuania GAJA II"]
[BlackTeam "Lithuania Standartas"]
[WhiteTeamCountry "LTU"]
[BlackTeamCountry "LTU"]

1. e4 c5 2. c3 d5 3. exd5 Qxd5 4. d4 Nf6 5. Nf3 Bg4 6. Be2 e6 7. h3 Bh5 8. 0-0 Nc6 9. Be3 cxd4 10. cxd4 Bb4 11. Nc3 Qd6 12. Qb3 0-0 13. Rfd1 a6 14. a3 Ba5 15. d5 Nd8 16. dxe6 Qxe6 17. Bc4 Qc6 18. Nd5 Re8 19. g4 Bg6 20. Rac1 Nxd5 21. Bxd5 Qb5 22. Qxb5 axb5 23. b4 Rxe3 24. fxe3 Bb6 25. Rc3 Nc6 26. Nd4 Nxd4 27. exd4 Rb8 28. Bxb7 h6 29. Rc8+ Rxc8 30. Bxc8 Be4 31. Bd7 Bd5 32. Bxb5 1-0

[Event "WchT Amateur"]
[Site "Kaunas"]
[Date "2016.11.21"]
[Round "2.1"]
[White "Lazaravicius, Aras Jonas"]
[Black "Pirrello, Christian"]
[Result "1/2-1/2"]
[WhiteElo "1911"]
[BlackElo "1978"]
[PlyCount "67"]
[EventDate "2016.11.20"]
[EventType "team-swiss"]
[EventRounds "9"]
[EventCountry "LTU"]
[SourceTitle "CBM 175 Extra"]
[Source "ChessBase"]
[SourceDate "2016.12.12"]
[SourceVersion "1"]
[SourceVersionDate "2016.12.12"]
[SourceQuality "1"]
[WhiteTeam "Lithuania Standartas"]
[BlackTeam "Italy"]
[WhiteTeamCountry "LTU"]
[BlackTeamCountry "ITA"]

1. d4 Nf6 2. c4 e6 3. Nf3 d5 4. Bg5 Be7 5. Nc3 c6 6. e3 Nbd7 7. Qc2 0-0 8. cxd5 exd5 9. Bd3 Re8 10. 0-0 h6 11. Bh4 Ne4 12. Bxe7 Qxe7 13. Rab1 Ndf6 14. b4 a6 15. a4 Bf5 16. Nd2 Rec8 17. Rfc1 Nxd2 18. Qxd2 Bxd3 19. Qxd3 b5 20. Rc2 Ne8 21. Rbc1 Nd6 22. Ne2 Nc4 23. Qb3 Qd6 24. a5 Re8 25. Nf4 g5 26. Nd3 Re6 27. Nc5 Rg6 28. Qd3 Qf6 29. Re2 Kg7 30. Rec2 Qe7 31. Re2 Rd6 32. e4 dxe4 33. Rxe4 Qf6 34. h3 1/2-1/2

[Event "Kaunas Butnorius 70 op"]
[Site "Kaunas"]
[Date "2016.08.05"]
[Round "7"]
[White "Norinkeviciute, Rasa"]
[Black "Lazaravicius, Aras Jonas"]
[Result "0-1"]
[WhiteElo "2006"]
[BlackElo "1858"]
[PlyCount "100"]
[EventDate "2016.08.01"]
[EventType "swiss"]
[EventRounds "9"]
[EventCountry "LTU"]
[SourceTitle "CBM 173 Extra"]
[Source "ChessBase"]
[SourceDate "2016.08.29"]
[SourceVersion "1"]
[SourceVersionDate "2016.08.29"]
[SourceQuality "1"]

1. c4 Nf6 2. g3 e6 3. Bg2 d5 4. Nf3 Be7 5. 0-0 0-0 6. b3 c5 7. d3 Nc6 8. Bb2 b6 9. e3 Bb7 10. Qe2 Qc7 11. Nc3 Rfd8 12. Rac1 Rac8 13. Rfd1 dxc4 14. dxc4 a6 15. Ng5 Rxd1+ 16. Rxd1 Rd8 17. h4 Na5 18. Nce4 Ne8 19. Rxd8 Bxd8 20. Qd3 h6 21. Nf3 f5 22. Be5 Qe7 23. Nd6 Qd7 24. Ne1 Bxg2 25. Kxg2 Nc6 26. Bf4 Nb4 27. Qd2 Be7 28. Ne4 Qb7 29. a3 e5 30. axb4 exf4 31. exf4 cxb4 32. Kh2 fxe4 33. Nc2 Nf6 34. Nxb4 Bxb4 35. Qxb4 Qc7 36. Qa3 a5 37. Qc1 Qd6 38. Qc3 Qd3 39. Qe1 Qxb3 40. c5 bxc5 41. Qxa5 Qc2 42. Qd8+ Kh7 43. Qc8 Qxf2+ 44. Kh3 e3 45. Qf5+ Kh8 46. Qc8+ Ng8 47. f5 e2 48. f6 Qxf6 49. Qe8 Qf1+ 50. Kg4 e1Q 0-1

[Event "LTU-chT"]
[Site "Lithuania"]
[Date "2016.04.02"]
[Round "6.9"]
[White "Lazaravicius, Aras Jonas"]
[Black "Grybas, Gintaras"]
[Result "0-1"]
[WhiteElo "1886"]
[BlackElo "1992"]
[PlyCount "62"]
[EventDate "2016.01.23"]
[EventType "team-swiss"]
[EventRounds "7"]
[EventCountry "LTU"]
[SourceTitle "EXT 2017"]
[Source "ChessBase"]
[SourceDate "2016.10.25"]
[SourceVersion "1"]
[SourceVersionDate "2016.10.25"]
[SourceQuality "1"]
[WhiteTeam "Kaunas Margiris II"]
[BlackTeam "LASF"]
[WhiteTeamCountry "LTU"]
[BlackTeamCountry "LTU"]

1. Nf3 d5 2. g3 c6 3. Bg2 h6 4. 0-0 Bf5 5. d3 Nf6 6. Nbd2 e6 7. Re1 Bc5 8. h3 0-0 9. Nb3 Bb6 10. Bf4 Nh5 11. Bxb8 Qxb8 12. e3 Nf6 13. Qe2 e5 14. Nfd2 Bg6 15. a4 a6 16. a5 Ba7 17. g4 Qd6 18. Nf1 Rae8 19. Ng3 e4 20. d4 Nd7 21. c3 Bb8 22. Nd2 f5 23. gxf5 Bxf5 24. c4 Rf7 25. c5 Qe6 26. Nxf5 Rxf5 27. h4 Ref8 28. Bh3 Rg5+ 29. hxg5 Qxh3 30. Nf1 Rf3 31. Qxf3 exf3 0-1

[Event "LTU Grand Prix-chT"]
[Site "Kaunas"]
[Date "2016.03.06"]
[Round "3.3"]
[White "Lazaravicius, Aras Jonas"]
[Black "Kruzinauskas, Stasys"]
[Result "1-0"]
[WhiteElo "1886"]
[BlackElo "1782"]
[PlyCount "113"]
[EventDate "2016.02.21"]
[EventType "team-swiss"]
[EventRounds "6"]
[EventCountry "LTU"]
[SourceTitle "EXT 2017"]
[Source "ChessBase"]
[SourceDate "2016.10.25"]
[SourceVersion "1"]
[SourceVersionDate "2016.10.25"]
[SourceQuality "1"]

1. d4 e6 2. c4 f5 3. Nf3 Nf6 4. g3 d6 5. Bg2 Be7 6. 0-0 0-0 7. Nc3 a6 8. Qc2 Nbd7 9. b3 Rb8 10. Bb2 Qe8 11. Rad1 h6 12. Nd2 c6 13. e4 fxe4 14. Ndxe4 d5 15. Nd2 Qf7 16. Nf3 Ng4 17. h3 Ngf6 18. Rde1 Re8 19. Re2 Nh7 20. Rfe1 Nhf8 21. Re3 Bd6 22. cxd5 Nf6 23. dxc6 bxc6 24. Ne5 Qc7 25. R3e2 Bxe5 26. dxe5 N6h7 27. Ne4 Rd8 28. Nd6 Rb6 29. Bd4 Rb4 30. Bc3 Rb8 31. Bb2 Bd7 32. Rc1 Ng5 33. h4 Nf7 34. Nxf7 Kxf7 35. Ba3 Rb5 36. Bd6 Qb6 37. Re3 Kg8 38. a4 Ra5 39. b4 Rd5 40. Bxd5 exd5 41. Qc5 Qb7 42. Bxf8 Rxf8 43. e6 Be8 44. Rce1 Rf5 45. Qd6 Rf6 46. Qd8 Kf8 47. Qd6+ Kg8 48. Qc5 Rg6 49. e7 Qd7 50. Qd4 Qd6 51. Rf3 Rf6 52. Rxf6 gxf6 53. Qg4+ Kh7 54. Re6 Qd7 55. Qf5+ Kg8 56. Qxf6 Bf7 57. Rd6 1-0

[Event "EU Union-ch U14"]
[Site "Kouty nad Desnou"]
[Date "2015.08.27"]
[Round "9"]
[White "Lazaravicius, Aras Jonas"]
[Black "Bango, Lukas"]
[Result "1-0"]
[WhiteElo "1820"]
[BlackElo "2182"]
[PlyCount "59"]
[EventDate "2015.08.19"]
[EventType "swiss"]
[EventRounds "9"]
[EventCountry "CZE"]
[SourceTitle "EXT 2016"]
[Source "ChessBase"]
[SourceDate "2015.10.08"]
[SourceVersion "1"]
[SourceVersionDate "2015.10.08"]
[SourceQuality "1"]

1. d4 Nf6 2. c4 c5 3. d5 e6 4. Nc3 exd5 5. cxd5 d6 6. e4 g6 7. Nf3 Bg7 8. Be2 0-0 9. 0-0 Re8 10. Qc2 Na6 11. a3 Nc7 12. Bg5 h6 13. Bh4 Rb8 14. Rfe1 b5 15. Nd2 g5 16. Bg3 Bg4 17. Bxg4 Nxg4 18. h3 Ne5 19. Nd1 f5 20. exf5 Nxd5 21. Bxe5 dxe5 22. Ne4 c4 23. Ne3 Nf4 24. Red1 Qa5 25. Ng4 Kh8 26. f6 Bf8 27. Rd7 Qa4 28. Rh7+ Kg8 29. f7+ Kxh7 30. Nef6+ 1-0

[Event "EU Union-ch U14"]
[Site "Kouty nad Desnou"]
[Date "2015.08.21"]
[Round "3"]
[White "Lazaravicius, Aras Jonas"]
[Black "Golub, Nikolina"]
[Result "1-0"]
[WhiteElo "1820"]
[BlackElo "1820"]
[PlyCount "119"]
[EventDate "2015.08.19"]
[EventType "swiss"]
[EventRounds "9"]
[EventCountry "CZE"]
[SourceTitle "EXT 2016"]
[Source "ChessBase"]
[SourceDate "2015.10.08"]
[SourceVersion "1"]
[SourceVersionDate "2015.10.08"]
[SourceQuality "1"]

1. d4 d5 2. c4 e6 3. Nc3 Nf6 4. cxd5 exd5 5. Bg5 c6 6. e3 h6 7. Bh4 Be7 8. Bd3 Be6 9. Qc2 Nbd7 10. Nf3 0-0 11. 0-0 Bd6 12. Bf5 Bxf5 13. Qxf5 Re8 14. Qc2 Qc7 15. Rac1 Rac8 16. Qb3 Qb6 17. Nd2 Qxb3 18. Nxb3 b6 19. Rc2 g5 20. Bg3 Bxg3 21. hxg3 a6 22. Na4 Ne4 23. Rfc1 b5 24. Nac5 Nexc5 25. Nxc5 Nb8 26. Nd3 a5 27. Ne5 Re6 28. Rc5 f6 29. Nd3 Rce8 30. a4 Nd7 31. Rxc6 bxa4 32. Rxe6 Rxe6 33. Ra1 Nb6 34. Nc5 Rc6 35. Nxa4 Nxa4 36. Rxa4 Rc1+ 37. Kh2 Rc2 38. Rxa5 Rxf2 39. b4 Rb2 40. b5 Rb3 41. Ra6 Rxb5 42. Rxf6 Kg7 43. Rf5 Kg6 44. Re5 Rb3 45. g4 h5 46. gxh5+ Kxh5 47. Kg3 Ra3 48. Kf3 Kg6 49. Rxd5 g4+ 50. Kf4 Ra2 51. g3 Rf2+ 52. Kxg4 Re2 53. Kf3 Ra2 54. g4 Ra3 55. Kf4 Ra2 56. Rd6+ Kf7 57. e4 Rf2+ 58. Kg5 Re2 59. e5 Ke7 60. Kg6 1-0

[Event "EU Union-ch U14"]
[Site "Kouty nad Desnou"]
[Date "2015.08.20"]
[Round "2"]
[White "Radeva, Viktoria"]
[Black "Lazaravicius, Aras Jonas"]
[Result "1/2-1/2"]
[WhiteElo "2156"]
[BlackElo "1820"]
[PlyCount "104"]
[EventDate "2015.08.19"]
[EventType "swiss"]
[EventRounds "9"]
[EventCountry "CZE"]
[SourceTitle "EXT 2016"]
[Source "ChessBase"]
[SourceDate "2015.10.08"]
[SourceVersion "1"]
[SourceVersionDate "2015.10.08"]
[SourceQuality "1"]

1. e4 d5 2. exd5 Qxd5 3. Nc3 Qa5 4. d4 Nf6 5. Nf3 c6 6. Bc4 Bf5 7. Bd2 e6 8. Nd5 Qd8 9. Ne3 Be4 10. c3 Nbd7 11. Qe2 Qc7 12. Ng5 h6 13. Nxe4 Nxe4 14. Bd3 Nxd2 15. Qxd2 Be7 16. Qe2 Nf6 17. 0-0 0-0 18. Ng4 Qd8 19. Rfe1 Nxg4 20. Qxg4 Bf6 21. Re3 Qd6 22. Rh3 Bg5 23. Rf1 Qf4 24. Qe2 Rae8 25. Rf3 Qd2 26. Qe4 f5 27. Qe2 Qxe2 28. Bxe2 g6 29. Bc4 Kg7 30. Re1 Kf6 31. g3 h5 32. Rd3 Re7 33. f4 Bh6 34. Rde3 Rfe8 35. h4 Bg7 36. Kf2 Kf7 37. Ke2 Bh8 38. Kd3 Bg7 39. Bb3 Kf6 40. c4 Bh8 41. Kc2 Kf7 42. Kd3 Kf6 43. c5 Bg7 44. Bc4 Bh8 45. b4 a6 46. a4 Kf7 47. Kc3 Bg7 48. R1e2 Bh8 49. Re1 Bg7 50. R1e2 Bh8 51. Re1 Bg7 52. R3e2 Bh8 1/2-1/2

[Event "Palanga op"]
[Site "Palanga"]
[Date "2015.06.20"]
[Round "9"]
[White "Lazaravicius, Aras Jonas"]
[Black "Indriunas, Matas"]
[Result "1/2-1/2"]
[WhiteElo "1774"]
[BlackElo "1656"]
[PlyCount "77"]
[EventDate "2015.06.15"]
[EventType "swiss"]
[EventRounds "9"]
[EventCountry "LTU"]
[SourceTitle "CBM 167 Extra"]
[Source "ChessBase"]
[SourceDate "2015.09.14"]
[SourceVersion "1"]
[SourceVersionDate "2015.09.14"]
[SourceQuality "1"]

1. d4 Nf6 2. Nf3 g6 3. c4 Bg7 4. g3 d5 5. cxd5 Nxd5 6. Bg2 Nb6 7. 0-0 Nc6 8. e3 0-0 9. Nc3 e5 10. d5 Na5 11. e4 c6 12. Be3 cxd5 13. Bxb6 Qxb6 14. Nxd5 Qd8 15. Qe2 Nc6 16. Rfd1 Qa5 17. Qd2 Qa4 18. Nc3 Qb4 19. a3 Qc4 20. Qd5 Qxd5 21. exd5 Nd4 22. Nxd4 exd4 23. Nb5 d3 24. Rab1 Bf5 25. Nd6 Bd7 26. Rxd3 Be5 27. Ne4 Bf5 28. Rd2 Rfe8 29. f3 h5 30. Re1 Rac8 31. Rde2 Kf8 32. Kh1 Bd4 33. h4 Rcd8 34. Rd2 Rxd5 35. Red1 Red8 36. Bf1 Bxe4 37. fxe4 R5d6 38. Kg2 Ke7 39. b3 1/2-1/2

[Event "LTU-ch U18"]
[Site "Panevezys"]
[Date "2015.04.03"]
[Round "7"]
[White "Liutvinas, Laurynas"]
[Black "Lazaravicius, Aras Jonas"]
[Result "1/2-1/2"]
[WhiteElo "1629"]
[BlackElo "1823"]
[PlyCount "89"]
[EventDate "2015.03.30"]
[EventType "swiss"]
[EventRounds "7"]
[EventCountry "LTU"]
[SourceTitle "EXT 2017"]
[Source "ChessBase"]
[SourceDate "2016.10.25"]
[SourceVersion "1"]
[SourceVersionDate "2016.10.25"]
[SourceQuality "1"]

1. d4 d5 2. Nf3 Nf6 3. g3 Bf5 4. Bg2 e6 5. 0-0 Be7 6. b3 0-0 7. Bb2 Nbd7 8. c4 c6 9. e3 Rc8 10. Nc3 Ne4 11. Nxe4 Bxe4 12. c5 Bf6 13. Qd2 g6 14. Rac1 Bg7 15. b4 a6 16. Nh4 Bxg2 17. Nxg2 Nf6 18. f3 Qc7 19. Rc2 Nd7 20. Rfc1 b5 21. Bc3 e5 22. Ra1 exd4 23. exd4 Rfe8 24. a4 Qd8 25. axb5 axb5 26. Ra7 Nf8 27. Qf4 Qf6 28. Qxf6 Bxf6 29. Nf4 Ne6 30. Nxe6 Rxe6 31. Kf2 Bg5 32. f4 Bf6 33. Re2 Rce8 34. Raa2 Rxe2+ 35. Rxe2 Rxe2+ 36. Kxe2 Kf8 37. Kf3 Ke7 38. Bb2 Ke6 39. Bc3 h5 40. h4 Kf5 41. Bb2 Bg7 42. Bc3 f6 43. Bb2 g5 44. Bc3 Bh6 45. Bd2 1/2-1/2

[Event "LTU-ch U18"]
[Site "Panevezys"]
[Date "2015.03.31"]
[Round "2"]
[White "Bucinskas, Lukas"]
[Black "Lazaravicius, Aras Jonas"]
[Result "1/2-1/2"]
[WhiteElo "1767"]
[BlackElo "1823"]
[PlyCount "112"]
[EventDate "2015.03.30"]
[EventType "swiss"]
[EventRounds "7"]
[EventCountry "LTU"]
[SourceTitle "EXT 2017"]
[Source "ChessBase"]
[SourceDate "2016.10.25"]
[SourceVersion "1"]
[SourceVersionDate "2016.10.25"]
[SourceQuality "1"]

1. b3 Nf6 2. Bb2 d5 3. e3 g6 4. Nf3 Bg7 5. Be2 0-0 6. 0-0 Bg4 7. h3 Bxf3 8. Bxf3 c6 9. c4 e6 10. cxd5 exd5 11. d4 Re8 12. Nc3 Nbd7 13. Rb1 Nb6 14. b4 a6 15. a4 Nc4 16. Be2 b5 17. Bd3 Re7 18. Re1 Nd6 19. Qc2 Rc8 20. Ra1 Qb6 21. Ra2 Nc4 22. Rea1 Bf8 23. axb5 axb5 24. Bxc4 dxc4 25. d5 Rd7 26. dxc6 Rxc6 27. Ra5 Qd8 28. Nxb5 Rd2 29. Qc3 Rd3 30. Qe5 Rd5 31. Qf4 Rf5 32. Qd4 Rd5 33. Qc3 Rd3 34. Qe1 Ne4 35. Nd4 Rb6 36. Ra8 Qc7 37. b5 Rd2 38. Ba3 Rb8 39. Rxb8 Qxb8 40. Bxf8 Kxf8 41. f3 Qg3 42. Qxg3 Nxg3 43. Rb1 c3 44. b6 Rb2 45. Rc1 Rxb6 46. Kh2 Nh5 47. Rxc3 Nf6 48. Rc6 Rxc6 49. Nxc6 Kg7 50. g4 Nd7 51. Kg3 Kf6 52. f4 Nc5 53. Kf3 Ke6 54. e4 Kf6 55. Ne5 Ne6 56. g5+ Nxg5+ 1/2-1/2

[Event "LTU-ch U18"]
[Site "Panevezys"]
[Date "2015.03.30"]
[Round "1"]
[White "Lazaravicius, Aras Jonas"]
[Black "Jurcius, Modestas"]
[Result "1-0"]
[WhiteElo "1823"]
[BlackElo "1547"]
[PlyCount "171"]
[EventDate "2015.03.30"]
[EventType "swiss"]
[EventRounds "7"]
[EventCountry "LTU"]
[SourceTitle "EXT 2017"]
[Source "ChessBase"]
[SourceDate "2016.10.25"]
[SourceVersion "1"]
[SourceVersionDate "2016.10.25"]
[SourceQuality "1"]

1. d4 d5 2. c4 e6 3. Nc3 Nf6 4. cxd5 Nxd5 5. Nf3 Nd7 6. e4 Nxc3 7. bxc3 Be7 8. Bd3 0-0 9. 0-0 c5 10. Be3 b6 11. Qe2 Bb7 12. Rfd1 c4 13. Bc2 Qc7 14. Nd2 Nf6 15. f3 Rac8 16. Nf1 Nh5 17. Bf2 Nf4 18. Qd2 Bg5 19. Be3 e5 20. d5 Bf6 21. Ng3 Rcd8 22. Nf5 Bc8 23. Bxf4 Bxf5 24. Bg3 Bc8 25. Ba4 a6 26. Rab1 b5 27. Bc2 Bb7 28. a4 bxa4 29. Bxa4 Bc8 30. Bf2 Be7 31. Bc6 Qa5 32. Ra1 Qc7 33. Qb2 Rd6 34. Qe2 Bd7 35. Bc5 Re6 36. Bxe7 Rxe7 37. d6 Qa7+ 38. Kh1 Ree8 39. Bxd7 Qxd7 40. Qxc4 Rc8 41. Qxa6 Rxc3 42. Qa5 Rfc8 43. Qxe5 h6 44. h3 R3c6 45. Qe7 Rd8 46. e5 Kh7 47. Qh4 Re8 48. Qe4+ Kg8 49. Qd5 Rec8 50. Qd4 Rc4 51. Qa7 Qe6 52. d7 Rd8 53. Ra5 Qc6 54. Rad5 Kh7 55. Qa5 Qc7 56. Qd2 Rc2 57. Qd3+ Kg8 58. Qf5 Qc6 59. Qe4 Rc4 60. Qe1 Rc2 61. Rd6 Qc4 62. e6 Qe2 63. Qxe2 Rxe2 64. exf7+ Kxf7 65. Kh2 Rc2 66. Kg3 Ke7 67. R6d4 Kf7 68. R4d2 Rc7 69. Rd4 Rc2 70. R1d2 Rc7 71. Kf4 Rc5 72. Rd5 Rxd5 73. Rxd5 Ke6 74. Re5+ Kf6 75. Rd5 Ke6 76. Ke4 Kf6 77. f4 Ke6 78. g4 Rxd7 79. Rxd7 Kxd7 80. Kf5 Ke7 81. Kg6 Kf8 82. f5 Kg8 83. f6 gxf6 84. Kxf6 Kh7 85. Kf7 h5 86. g5 1-0